00289pab a2200097 454500008003600000100002100036245008300057650001000140650002200150773001900172180718b xxu||||| |||| 00| 0 eng d aManvendra, Singh aThe army of five brigade - need for a central command for para-military forces a Army aDefence, National aIndian Express